Fluid mechanics and fluid machines

Uloženo v:
Podrobná bibliografie
Hlavní autor: Som, S K
Médium: Kniha
Jazyk:Undetermined
Vydáno: New York McGraw-Hill 2004
Témata:
Tagy: Přidat tag
Žádné tagy, Buďte první, kdo otaguje tento záznam!
Thư viện lưu trữ: Trung tâm Học liệu Trường Đại học Cần Thơ
LEADER 00489nam a2200193Ia 4500
001 CTU_93396
008 210402s9999 xx 000 0 und d
020 |c 155000 
082 |a 620.106 
082 |b S693 
100 |a Som, S K 
245 0 |a Fluid mechanics and fluid machines 
245 0 |c S K Som, G Biswas 
260 |a New York 
260 |b McGraw-Hill 
260 |c 2004 
650 |a Fluid mechanics 
904 |i Truc 
980 |a Trung tâm Học liệu Trường Đại học Cần Thơ